00000000nam##2200000za#4500
0019.692461
003CaOODSP
00520210624233227
007cr |||||||||||
008150407|2009||||xxc|||||o    f|0| 0 eng|d
020 |a978-1-100-13518-2
040 |aCaOODSP|beng
043 |an-cn---
0861 |aPH4-57/2009E-PDF
1101 |aCanada.|bPolicy Research Initiative.
24514|aThe values of youth in Canada - research paper / |h[electronic resource]|c[by] Marc Molgat.
260 |aOttawa - Ontario : |bPolicy Research Initiative |cMarch 2010.
300 |a53p.|bfigs., references, tables
500 |a"PRI Project - Investing in Youth" - on cover.
590 |a10-10|b2010-03-12
69007|aEthics|2gcpds
69007|aYouth|2gcpds
7201 |aMolgat, Marc
77508|tLes valeurs des jeunes au Canada - rapport de recherche / |w(CaOODSP)9.636729
85640|ahttp://publications.gc.ca|qPDF|s447 KB|uhttps://publications.gc.ca/collections/collection_2010/prp-pri/PH4-57-2009-eng.pdf